000 00549nam a2200181 i 4500
001 41422
003 ES-MaACL
005 20250809062537.0
007 t|
008 030310s1912 be |||| | fre d
100 1 _aCastelein, A.
_936480
245 1 0 _aDroit naturel
_b; Devoir religieux ; Droit individuel ; Droit social ; Droit domestique ; Droit civil et politique.
260 _aBruxelles :
_bAlbert Dewit,
_c1912.
300 _a1029 p. ;
_c24 cm.
650 0 7 _aDerecho
_2embne
_911602
852 _aES-MaACL
_jB-5163
999 _c41422
_d41422